American art : painting, sculpture, architecture, decorative arts, photography /

Bibliographic Details
Other Authors: Brown, Milton W. (Milton Wolf), 1911-1998
Format: Book
Language:English
Published: New York : Abrams, 1979.
Subjects:

MARC

Tag First Indicator Second Indicator Subfields
LEADER 00000cam a2200000 i 4500
001 in00000044816
005 20151007075145.0
008 780814s1979 nyua b 00100 eng
010 |a  78012866  
020 |a 0810906589 
035 |a (OCoLC)04194611 
035 |9 AAF2737AM 
040 |a DLC  |c DLC  |d OCL  |d TXA  |d UtOrBLW 
043 |a n-us--- 
049 |a TXAM  |c [1192013] 
050 0 0 |a N6505  |b .H57 
082 0 |a 709/.73 
245 0 0 |a American art :  |b painting, sculpture, architecture, decorative arts, photography /  |c by Milton W. Brown [and others]. 
264 1 |a New York :  |b Abrams,  |c 1979. 
300 |a 616 pages :  |b illustrations ;  |c 30 cm. 
336 |a text  |b txt  |2 rdacontent 
337 |a unmediated  |b n  |2 rdamedia 
338 |a volume  |b nc  |2 rdacarrier 
500 |a Includes index. 
504 |a Bibliography: pages 590-603. 
650 0 |a Art, American. 
700 1 |a Brown, Milton W.  |q (Milton Wolf),  |d 1911-1998. 
999 |a MARS 
999 f f |s 6fa0dd8e-cf7e-3f7a-b106-3b0eb2b29cd1  |i 99e834ae-d2a6-3462-a7e8-642d81843751  |t 0 
952 f f |p normal  |a Texas A&M University  |b College Station  |c Sterling C. Evans Library  |d Evans: Library Stacks  |t 0  |e N6505 .H57  |h Library of Congress classification  |i unmediated -- volume  |m A14803389777 
998 f f |a N6505 .H57  |t 0  |l Evans: Library Stacks